000 00569nam a2200181Ia 4500
008 151018s9999 xx 000 0 und d
082 _bRBASDV38243
_a891.463
100 _aअर्चना वर्टीकर
245 _aभूकंप
250 _b1
260 _bचेतन्य प्रकाशन कोल्हापूर
_c1999
300 _a135
600 _aअर्चना वर्टीकर
630 _aभूकंप
700 _aअर्चना वर्टीकर
730 _aभूकंप
942 _cBOOK
999 _c1037652
_d1037649